000 00309nam a2200133 i 4500
001 bg
100 1 _aKULMAN, A. G.
245 0 _aZbiór zadań z chemii ogólnej /
_cA.G. Kulman.
260 _aWarszawa,
_c1981.
040 _cBPK
041 _apol
942 _cKS
008 s pl f |000 0 pol
999 _c20158
_d20158
856 _uhttp://koha.tu.koszalin.pl/cgi-bin/koha/opac-detail.pl?biblionumber=20158
_yKatalog online BPK